000 00372nam a2200157 i 4500
001 bg
100 1 _aDODGE, Clayton W.
245 0 _aEuclidean geometry and tranformations /
_cClayton W. Dodge.
260 _aReading,
_c1972.
650 9 _aGeometria
040 _cBPK
041 _apol
080 _a514.12
942 _cKS
008 s pl f |000 0 pol
999 _c15815
_d15815
856 _uhttp://koha.tu.koszalin.pl/cgi-bin/koha/opac-detail.pl?biblionumber=15815
_yKatalog online BPK